000 00650nam a2200289Ia 4500
005 20260324131742.0
008 008 260324s9999 xx 000 0 eng d
020 _a9780203004296
037 _aEBOOK
040 _aCRL
040 _beng
040 _cCRL
041 _2eng
041 _aeng
084 _qCRL
100 _aS. Mahmud Ali
245 0 _aUS-China Cold War Collaboration
245 0 _b1971-1989
260 _bTaylor and Francis
260 _c2005
365 _a
365 _b230
856 _uhttp://www.taylorfrancis.com/books/9780203004296
942 _cEBOOK
999 _c1784160
_d1784160